000
00223 a2200097 4500
001
42828
100
_a
Raverty G
245
_a
Notes on Afghanistan Baluchistan
260
_a
Quetta
_b
Gosha-c-Adas
_c
090
_c
26718
_d
26718
942
_a
NUST-CAE
_c
M
_c
18578
999
_c
277901
_d
277901